书目信息 |
| 题名: |
少年儿童图书馆(室)工作
|
|
| 作者: | 熊钟琪 主编 | |
| 分册: | ||
| 出版信息: | 北京 北京图书馆出版社 2000 |
|
| 页数: | 218页 | |
| 开本: | 20cm | |
| 丛书名: | ||
| 单 册: | ||
| 中图分类: | G258.7 | |
| 科图分类: | ||
| 主题词: | 儿童图书馆 | |
| 电子资源: | ||
| ISBN: | 7-5013-1710-0 | |
| 000 | 00632nam0 2200217 450 | |
| 001 | 0540616234 | |
| 005 | 20051027112056.56 | |
| 010 | @a7-5013-1710-0@dCNY11.00 | |
| 092 | @aCN | |
| 100 | @a20051027d2000 km y0chiy0120 ea | |
| 101 | 0 | @achi |
| 102 | @aCN@b110000 | |
| 200 | 1 | @a少年儿童图书馆(室)工作@Ashao nian er tong tu shu guan(shi)gong zuo@f熊钟琪主编@Fxiong zhong qi zhu bian |
| 210 | @a北京@c北京图书馆出版社@d2000 | |
| 215 | 1 | @a218页@d20cm |
| 300 | @a图书馆岗位培训教材 | |
| 606 | 0 | @a儿童图书馆 |
| 690 | @aG258.7@v4 | |
| 701 | 0 | @a熊钟琪@Axiong zhong qi@4主编 |
| 801 | 0 | @aCN@bPFT@c20051027 |
| 905 | @a10447@dG258.7@e14 | |
| 少年儿童图书馆(室)工作/熊钟琪主编.-北京:北京图书馆出版社,2000 |
| 218页;20cm |
| 图书馆岗位培训教材 |
| ISBN 7-5013-1710-0:CNY11.00 |
| ● |
| 相关链接 |
|
|
|
|
正题名:少年儿童图书馆(室)工作
索取号:G258.7/14
 
预约/预借
| 序号 | 登录号 | 条形码 | 馆藏地/架位号 | 状态 | 备注 |
| 1 | 0336988 | 203369880 | 第一样本阅览室/ [索取号:G258.7/14] | 在馆 | |
| 2 | 0336989 | 203369899 | 第四借阅区/ [索取号:G258.7/14] | 在馆 | |
| 3 | 0336990 | 203369906 | 第四借阅区/ [索取号:G258.7/14] | 在馆 |